Psychologická diagnostika dospělých / Mojmír Svoboda
Record details
- ISBN: 978-80-7367-706-0 (váz.)
- Physical Description: 343 s. : il. ; 24 cm
- Edition: Vyd. 4., V nakl. Portál 3.
- Publisher: Praha : Portál, 2010
Content descriptions
| Bibliography, etc. Note: | Obsahuje bibliografii a rejstřík |
Search for related items by subject
| Subject: | psychodiagnostika > metody psychologie dospělých psychodiagnostics > methods adult psychology |
| Genre: | učebnice textbooks |
Available copies
- 1 of 1 copy available at Common Catalog SPOK.
Holds
- 0 current holds with 1 total copy.
Other Formats and Editions
Show Only Available Copies
| Location | Call Number / Copy Notes | Barcode | Shelving Location | Status | Due Date |
|---|---|---|---|---|---|
| Jabok Library | Psy-4.4/S | 424480027379 | Odborná literatura | Available | - |
| LDR | 02089nam a2200589 a 4500 | ||
|---|---|---|---|
| 001 | 16872 | ||
| 003 | CZ-PrJAB | ||
| 005 | 20220406092936.0 | ||
| 007 | ta | ||
| 008 | 100208s2010 xr a e p 001 0 cze | ||
| 015 | . | ‡acnb002032769 | |
| 020 | . | ‡a978-80-7367-706-0 (váz.) | |
| 035 | . | ‡a(CONS)16872 | |
| 035 | . | ‡a(CZ PrSKC)nkc20102032769 | |
| 035 | . | ‡a(OCoLC)649799596 | |
| 040 | . | ‡aABA001 ‡bcze ‡dBOA001 | |
| 072 | 7. | ‡a159.9 ‡xPsychologie ‡2Konspekt ‡917 | |
| 072 | 7. | ‡a37.016 ‡xUčební osnovy. Vyučovací předměty. Učebnice ‡2Konspekt ‡922 | |
| 080 | . | ‡a159.9.072.5 ‡2MRF | |
| 080 | . | ‡a159.922.62 ‡2MRF | |
| 080 | . | ‡a(075) ‡2MRF | |
| 100 | 1 | . | ‡aSvoboda, Mojmír, ‡d1941- ‡7xx0009675 ‡4aut |
| 245 | 1 | 0. | ‡aPsychologická diagnostika dospělých / ‡cMojmír Svoboda |
| 250 | . | ‡aVyd. 4., V nakl. Portál 3. | |
| 260 | . | ‡aPraha : ‡bPortál, ‡c2010 | |
| 300 | . | ‡a343 s. : ‡bil. ; ‡c24 cm | |
| 504 | . | ‡aObsahuje bibliografii a rejstřík | |
| 650 | 0 | 7. | ‡apsychodiagnostika ‡7ph115947 ‡xmetody ‡2czenas |
| 650 | 0 | 7. | ‡apsychologie dospělých ‡7ph124808 ‡2czenas |
| 650 | 0 | 9. | ‡apsychodiagnostics ‡xmethods ‡2eczenas |
| 650 | 0 | 9. | ‡aadult psychology ‡2eczenas |
| 655 | 7. | ‡aučebnice ‡7fd133770 ‡2czenas | |
| 655 | 9. | ‡atextbooks ‡2eczenas | |
| 910 | . | ‡aABG312 | |
| 901 | . | ‡a16872 ‡b ‡c16872 ‡tbiblio | |